00487nam a22001577a 4500082001400000100001400014245005100028260003200079300002900111500006300140563000700203700002200210700001600232700002400248856005700272 aBEE-4 ATH aAli Athar aWhole body motion planning for humanoid robots aIslamabadbNUST-SEECSc2016 a34p.b27cm.eCD Includes aSupervisors: Dr. Yasar Ayaz, Fahad Islam, Dr. Osman Hassan aHB aAbdul Moeed Zafar aRizwan Asif aARmaghan Ahmad Khan u http://10.250.8.41:8080/xmlui/handle/123456789/9798